00916nam a22002537a 4500003000500000005001700005008004100022010001000063011001000073035001100083040000900094100002600103245014700129260004000276300003400316502007700350530003600427650001900463650003200482650002800514650002600542650003000568856006400598CHAP20220329143550.0100603s2010 mx r 00010 spa d a98595 a99567 a110253 cCHAP1 aRomero Padilla, Arely10aEvaluación de un enraizador en el crecimiento de plántula de lechuga (Lactuca sativa, L.) en Chapingo, Méxicoc/por Arely Romero Padilla aChapingo, Méx. :bEl autor,c2010 avii, 61 h. :bilus., gráfs. aTesis (Ing. Agr. Esp. en Fitotecnia) -- UACH. Departamento de Fitotecnia aTambién disponible en línea14aEnraizamiento.14aLechugaxFechas de siembra.14aLechugaxGerminación.14aLechugaxPlántulas.14aLechugazMéxico (Edo.). 3Finding aiduhttp://10.13.5.2/tesis/110253.pdfzTeclea aqui